| 000 -LEADER |
| fixed length control field |
00681nam a22001937a 4500 |
| 005 - DATE AND TIME OF LATEST TRANSACTION |
| control field |
20200702114523.0 |
| 008 - FIXED-LENGTH DATA ELEMENTS--GENERAL INFORMATION |
| fixed length control field |
200702s2014 eng||||| |||| 00| 0 enk d |
| 020 ## - INTERNATIONAL STANDARD BOOK NUMBER |
| International Standard Book Number |
9783832537043 |
| 041 ## - LANGUAGE CODE |
| Language code of text/sound track or separate title |
eng |
| 080 ## - UNIVERSAL DECIMAL CLASSIFICATION NUMBER |
| Universal Decimal Classification number |
1+316 L-44 |
| 245 ## - TITLE STATEMENT |
| Title |
Leben verstehen : |
| Remainder of title |
(Philosophie Und Sozialtheorie) (German Edition) / |
| Statement of responsibility, etc. |
by Tengiz Iremadze, Udo Reinhold Jeck, et al. |
| 264 ## - PRODUCTION, PUBLICATION, DISTRIBUTION, MANUFACTURE, AND COPYRIGHT NOTICE |
| Place of production, publication, distribution, manufacture |
Berlin: |
| Name of producer, publisher, distributor, manufacturer |
Logos verlag, |
| Date of production, publication, distribution, manufacture, or copyright notice |
2014. |
| 300 ## - PHYSICAL DESCRIPTION |
| Extent |
138 p. |
| Other physical details |
25 cm. |
| 653 ## - INDEX TERM--UNCONTROLLED |
| keyword |
ფილოსოფია |
| 653 ## - INDEX TERM--UNCONTROLLED |
| keyword |
სოციოლოგია |
| 700 ## - ADDED ENTRY--PERSONAL NAME |
| Personal name |
Iremadze, Tengiz |
| Relator term |
რედაქტორი |
| 9 (RLIN) |
6933 |
| 700 ## - ADDED ENTRY--PERSONAL NAME |
| Personal name |
Reinhold, Udo Jeck, |
| Relator term |
რედაქტორი |
| 9 (RLIN) |
8978 |
| 942 ## - ADDED ENTRY ELEMENTS (KOHA) |
| Source of classification or shelving scheme |
|
| Koha item type |
წიგნი |